| 000 | 00754nam a2200217 u 4500 | ||
|---|---|---|---|
| 005 | 20220531063710.0 | ||
| 008 | 130805s2004 mx r 000 0 spa d | ||
| 020 | _a9703000800 | ||
| 035 | _aUPN01000191927 | ||
| 049 | _aCG | ||
| 050 | 4 |
_aPQ8520.13 A5.6 _bD4.7 |
|
| 100 | 1 |
_aCampodónico, Miguel Angel, _d1937- _935322 |
|
| 245 | 1 | 0 |
_aDespués del día diez : _bCarlitos Páez : testimonio de vida relatado al escritor / _cMiguel Angel Campodónico. |
| 260 |
_aMéxico : _bEl Arca, _c2004. |
||
| 300 | _a150 p. | ||
| 440 | 0 | _aDe jovenes para jovenes | |
| 650 | 7 |
_aLiteratura uruguaya _2 _95065 |
|
| 650 | 4 |
_aAERONAUTICA - _vLITERATURA JUVENIL _92019 |
|
| 650 | 4 |
_aSUPERVIVENCIA (DESPUES DE ACCIDENTES AEREOS, NAUFRAGIOS, ETC.) _920967 |
|
| 905 | _aLibro | ||
| 999 |
_c164030 _d164030 |
||